01263nam a2200193Ia 4500008004100000020001500041050001700056082001800073100003600091240004700127245009700174260005700271300002500328500007200353505056500425650001400990650002801004700003701032120622s1987 mx 000 0 spa d a9687270373 aQA303bZ5518 a515.15 bZ69c aZill Dennis G. d, 1940eautor  aCalculus with Analytic Geometrylespañol aCálculo con geometría analíticac / Dennis G. Zill ; traducción Eduardo Ojeda Peña aMéxico b : Grupo Editorial Iberoaméricac, 1987 axiii, 1014 páginas aIncluye: Apéndices (pp.947-963) Incluye: índice (pp. 1005-1012) aFunciones Limites de funciones La derivada Aplicaciones de la derivada La integral Aplicaciones de la integral Funciones trigonométricas inversas Funciones logarítmicas y exponencial Técnicas de integración Formas indeterminadas e integrales impropias Sucesiones y series Geometría analítica en el plano Ecuaciones paramétricas y coordenadas polares Vectores y el espacio tridimensional Funciones vectoriales Cálculo diferencial de funciones de varias variables Integrales múltiples Cálculo integral vectorial Ecuaciones diferenciales  0aCÁLCULO 0aGEOMETRÍA ANALÍTICA aOjeda Peña, Eduardoetraductor